LEADER 01503nam 2200517 450 001 9910797165703321 005 20230803213150.0 010 $a80-246-2617-9 035 $a(CKB)3710000000409614 035 $a(EBL)2057516 035 $a(SSID)ssj0001576990 035 $a(PQKBManifestationID)16247361 035 $a(PQKBTitleCode)TC0001576990 035 $a(PQKBWorkID)14855710 035 $a(PQKB)10862675 035 $a(MiAaPQ)EBC2057516 035 $a(Au-PeEL)EBL2057516 035 $a(CaPaEBR)ebr11062628 035 $a(OCoLC)910815595 035 $a(EXLCZ)993710000000409614 100 $a20150620h20142014 uy 0 101 0 $acze 135 $aur|n|---||||| 181 $ctxt 182 $cc 183 $acr 200 10$aDuchodova? reforma /$fMarek Louzek 210 1$a[Prague, Czech Republic] :$cUniverzita Karlova v Praze, Nakladatelstvi? Karolinum,$d2014. 210 4$dİ2014 215 $a1 online resource (100 p.) 300 $aDescription based upon print version of record. 311 $a80-246-2612-8 320 $aIncludes bibliographical references. 606 $aPensions$xFinance 606 $aPension trusts$xManagement 615 0$aPensions$xFinance. 615 0$aPension trusts$xManagement. 676 $a331.2524 700 $aLouz?ek$b Marek$01475109 801 0$bMiAaPQ 801 1$bMiAaPQ 801 2$bMiAaPQ 906 $aBOOK 912 $a9910797165703321 996 $aDuchodova? reforma$93855816 997 $aUNINA LEADER 03415nam 22007095 450 001 9910148793103321 005 20200704113445.0 024 7 $a10.1007/978-981-10-1476-5 035 $a(CKB)3710000000918202 035 $a(DE-He213)978-981-10-1476-5 035 $a(MiAaPQ)EBC4729567 035 $a(PPN)196321131 035 $a(EXLCZ)993710000000918202 100 $a20161026d2016 u| 0 101 0 $aeng 135 $aurnn|008mamaa 181 $ctxt$2rdacontent 182 $cc$2rdamedia 183 $acr$2rdacarrier 200 10$aAcoustic Textiles /$fedited by Rajiv Padhye, Rajkishore Nayak 205 $a1st ed. 2016. 210 1$aSingapore :$cSpringer Singapore :$cImprint: Springer,$d2016. 215 $a1 online resource (VII, 242 p. 69 illus., 39 illus. in color.) 225 1 $aTextile Science and Clothing Technology,$x2197-9863 311 $a981-10-1474-4 311 $a981-10-1476-0 320 $aIncludes bibliographical references at the end of each chapters and index. 327 $aBasics of Acoustic Science -- Principles of Sound Absorbers -- Materials Used for Acoustic Textiles -- Manufacturing Methods for Acoustic Textiles -- Acoustical Test Methods for Nonwoven Fabrics. . 330 $aThis book highlights the manufacturing and applications of acoustic textiles in various industries. It also includes examples from different industries in which acoustic textiles can be used to absorb noise and help reduce the impact of noise at the workplace. Given the importance of noise reduction in the working environment in several industries, the book offers a valuable guide for companies, educators and researchers involved with acoustic materials. 410 0$aTextile Science and Clothing Technology,$x2197-9863 606 $aTextile industry 606 $aIndustrial engineering 606 $aProduction engineering 606 $aMaterials science 606 $aChemical engineering 606 $aNanochemistry 606 $aTextile Engineering$3https://scigraph.springernature.com/ontologies/product-market-codes/C24000 606 $aIndustrial and Production Engineering$3https://scigraph.springernature.com/ontologies/product-market-codes/T22008 606 $aCharacterization and Evaluation of Materials$3https://scigraph.springernature.com/ontologies/product-market-codes/Z17000 606 $aIndustrial Chemistry/Chemical Engineering$3https://scigraph.springernature.com/ontologies/product-market-codes/C27000 606 $aNanochemistry$3https://scigraph.springernature.com/ontologies/product-market-codes/C33000 615 0$aTextile industry. 615 0$aIndustrial engineering. 615 0$aProduction engineering. 615 0$aMaterials science. 615 0$aChemical engineering. 615 0$aNanochemistry. 615 14$aTextile Engineering. 615 24$aIndustrial and Production Engineering. 615 24$aCharacterization and Evaluation of Materials. 615 24$aIndustrial Chemistry/Chemical Engineering. 615 24$aNanochemistry. 676 $a693.834 702 $aPadhye$b Rajiv$4edt$4http://id.loc.gov/vocabulary/relators/edt 702 $aNayak$b Rajkishore$4edt$4http://id.loc.gov/vocabulary/relators/edt 801 0$bMiAaPQ 801 1$bMiAaPQ 801 2$bMiAaPQ 906 $aBOOK 912 $a9910148793103321 996 $aAcoustic Textiles$91539967 997 $aUNINA